Image

Дэлгэрэнгүй хайлт

Үндсэн хууль, хүний эрх, захиргааны эрх зүй (Record no. 32438)

MARC details
000 -LEADER
fixed length control field 01884nam a22002897a 4500
003 - CONTROL NUMBER IDENTIFIER
control field MN-UlLSGH
005 - DATE AND TIME OF LATEST TRANSACTION
control field 20260626120451.0
008 - FIXED-LENGTH DATA ELEMENTS--GENERAL INFORMATION
fixed length control field 260626b mp ||||| mvl| 00| 0 mon d
020 ## - INTERNATIONAL STANDARD BOOK NUMBER
International Standard Book Number 978-9919061784
040 ## - CATALOGING SOURCE
Transcribing agency MN-ULPAL
084 ## - OTHER CLASSIFICATION NUMBER
Classification number 67.400+67.401
Item number С825
100 0# - MAIN ENTRY--PERSONAL NAME
Personal name Сүнжид, Дугарын.
Relator term зохиогч
9 (RLIN) 16403
245 0# - TITLE STATEMENT
Title Үндсэн хууль, хүний эрх, захиргааны эрх зүй
260 ## - PUBLICATION, DISTRIBUTION, ETC.
Place of publication, distribution, etc. Улаанбаатар
Name of publisher, distributor, etc. "БиБи принтинг" ХХК
Date of publication, distribution, etc. 2025
300 ## - PHYSICAL DESCRIPTION
Extent 747 хуудастай
Dimensions 25 см
336 ## - CONTENT TYPE
Source rdacontent
Content type term text
Content type code txt
337 ## - MEDIA TYPE
Media type term rdamedia
Media type code unmediated
338 ## - CARRIER TYPE
Carrier type term volume
Carrier type code rdacarrier
520 ## - SUMMARY, ETC.
Summary, etc. Доктор Д.Сүнжид энэхүү номондоо үндсэн хууль, хүний эрх, захиргааны эрх зүйн чиглэлээр 2002-2024 онд бичиж боловсруулсан судалгааны ажил, өгүүлэл, илтгэл зэргийг багтаажээ.
650 #4 - SUBJECT ADDED ENTRY--TOPICAL TERM
Topical term or geographic name entry element үндсэн хууль
General subdivision үндсэн хуулийн эрх зүй
-- нутгийн удирдлага
-- үндсэн хуулийн нэмэлт өөрчлөлт
-- үндсэн хуулийн тайлбар
-- өмч
Geographic subdivision Монгол
-- Холбооны бүгд найрамдах Герман улс
9 (RLIN) 16404
650 #4 - SUBJECT ADDED ENTRY--TOPICAL TERM
Topical term or geographic name entry element засаг захиргаа нутаг дэвсгэрийн нэгжийн удирдлага
General subdivision хотын эрх зүй
9 (RLIN) 16405
650 #4 - SUBJECT ADDED ENTRY--TOPICAL TERM
Topical term or geographic name entry element өмчийн эрх зүй
650 #4 - SUBJECT ADDED ENTRY--TOPICAL TERM
Topical term or geographic name entry element газрын эрх зүй
650 #4 - SUBJECT ADDED ENTRY--TOPICAL TERM
Topical term or geographic name entry element хүний эрх
General subdivision хүний эрхийн зөрчил
-- хөршийн эрх
-- жендэр
-- боловсрол
Geographic subdivision Монгол
-- Швейцарь
9 (RLIN) 16406
650 #4 - SUBJECT ADDED ENTRY--TOPICAL TERM
Topical term or geographic name entry element захиргааны эрх зүй
Geographic subdivision Монгол
-- Холбооны бүгд найрамдах Герман улс
9 (RLIN) 16407
942 ## - ADDED ENTRY ELEMENTS (KOHA)
Source of classification or shelving scheme Оросын ном зүйн ангилал
Koha item type Ном - Books
Suppress in OPAC No
Holdings
Withdrawn status Lost status Source of classification or shelving scheme Damaged status Not for loan Home library Current library Date acquired Cost, normal purchase price Inventory number Total Checkouts Full call number Barcode Date last seen Price effective from Koha item type
    Оросын ном зүйн ангилал     Парламентын номын сан - Үндсэн фонд Парламентын номын сан - Салбар 06/26/2026 70000.00 25261   67.400+67.401 С825 40445 06/26/2026 06/26/2026 Ном - Books
    Оросын ном зүйн ангилал     Парламентын номын сан - Үндсэн фонд Парламентын номын сан - Үндсэн фонд 06/26/2026 70000.00 25259   67.400+67.401 С825 40443 06/26/2026 06/26/2026 Ном - Books
    Оросын ном зүйн ангилал     Парламентын номын сан - Үндсэн фонд Парламентын номын сан - Үндсэн фонд 06/26/2026 70000.00 25260   67.400+67.401 С825 40444 06/26/2026 06/26/2026 Ном - Books